Bricks and clicks (Record no. 84243)
[ view plain ]
| 000 -LEADER | |
|---|---|
| fixed length control field | 01171cad a22002175a 4500 |
| 001 - CONTROL NUMBER | |
| control field | L157039 |
| 008 - FIXED-LENGTH DATA ELEMENTS--GENERAL INFORMATION | |
| fixed length control field | 120817s2012 xxk 000 0 eng d |
| 035 ## - SYSTEM CONTROL NUMBER | |
| System control number | (Sirsi) u157039 |
| 041 0# - LANGUAGE CODE | |
| Language code of text/sound track or separate title | eng |
| 100 1# - MAIN ENTRY--PERSONAL NAME | |
| Personal name | Nelson, Andrew J. |
| 245 00 - TITLE STATEMENT | |
| Title | Bricks and clicks |
| Remainder of title | rethinking retail real estate in the e-commerce era - July 2012 |
| Medium | [electronic resources] |
| 260 ## - PUBLICATION, DISTRIBUTION, ETC. | |
| Place of publication, distribution, etc. | [S.l.] |
| Name of publisher, distributor, etc. | RREEF |
| -- | 2012 |
| 490 #0 - SERIES STATEMENT | |
| Series statement | RREEF Real Estate Research Reports |
| Volume/sequential designation | July 2012 |
| 520 ## - SUMMARY, ETC. | |
| Summary, etc. | Internet retailing has been growing steadily over the past decade in the US but still accounts for a small share of overall retailing. E-commerce is now poised for explosive growth on the strength of rapidly evolving consumer shopping habits and retail technology. Impacts on the shopping centre industry will be profound and far-reaching. Concludes that 10% of US shopping centres are already obsolete and online sales are growing some five times faster than total retail sales. |
| 590 ## - LOCAL NOTE (RLIN) | |
| Local note | KA NTK |
| 651 #4 - SUBJECT ADDED ENTRY--GEOGRAPHIC NAME | |
| Geographic name | United States |
| 690 ## - LOCAL SUBJECT ADDED ENTRY--TOPICAL TERM (OCLC, RLIN) | |
| Topical term or geographic name as entry element | Commercial property |
| 9 (RLIN) | 6227 |
| 700 1# - ADDED ENTRY--PERSONAL NAME | |
| Personal name | Leon, Ana |
| 856 40 - ELECTRONIC LOCATION AND ACCESS | |
| Uniform Resource Identifier | <a href="https://www.rreef.com/research/research_6472.jsp">https://www.rreef.com/research/research_6472.jsp</a> |
| Public note | View the report at www.rreef.com |
| 942 ## - ADDED ENTRY ELEMENTS (KOHA) | |
| Suppress in OPAC | 0 |
| Withdrawn status | Lost status | Source of classification or shelving scheme | Damaged status | Not for loan | Home library | Current library | Shelving location | Date acquired | Total Checkouts | Full call number | Barcode | Date last seen | Copy number | Price effective from | Koha item type |
|---|---|---|---|---|---|---|---|---|---|---|---|---|---|---|---|
| Dewey Decimal Classification | Virtual | Virtual | Online | 17/08/2012 | ONLINE PUBLICATION | 157039-2001 | 06/08/2019 | 1 | 06/08/2019 | Book |